Walking Dead Game Characters Quiz Stats

 Plays Quiz not verified by Sporcle

Score 0/36 Timer 10:00
0 Plays Today
% Correct
Lee Everett
96.9%
Clementine
96.1%
Kenny
78.5%
Duck
78.5%
Hershel Greene
73.9%
Lilly
72.2%
Carley
72%
Ben
71.7%
Glenn
71.5%
Katjaa
69.1%
Doug
68.8%
Omid
68.1%
Shawn Greene
67.9%
Larry
67.4%
Mark
65.2%
Christa
65.2%
Molly
62.1%
Chuck
60.9%
% Correct
Andrew St. John
56%
Chet
55.6%
Danny St. John
53.1%
Brenda St. John
52.9%
Vernon
52.9%
Brie
49.8%
Travis
46.9%
Jolene
46.1%
Irene
43%
Andre Mitchell
41.8%
David
35.5%
Beatrice
31.9%
Anna Correa
27.5%
Terry St. John
25.1%
Joyce
24.2%
Boyd
23.4%
Logan
22.9%
Clive
21%

You're not logged in!

Compare scores with friends on all Sporcle quizzes.
OR
Log In

Sporcle TV

Today on Sporcle TV


Watch our educational content, quiz creation guides, and fun videos on Sporcle TV.

Show Comments

Extras

Top Quizzes Today


Score Distribution

Your Account Isn't Verified!

In order to create a playlist on Sporcle, you need to verify the email address you used during registration. Go to your Sporcle Settings to finish the process.

Report this User

Report this user for behavior that violates our Community Guidelines.

Details: